Actas do XVII simpósio ibero-americano de catálise /

Guardado en:
Autor Corporativo: Simpósio Ibero-americano de Catálise Porto, Portugal)
Otros Autores: Órfäo, J. M., (Editor , ed.), Faria, J. L., (Editor , ed.), Figueiredo, J. L., (Editor , ed.)
Formato: Libro
Idioma:Portuguese
Spanish
English
Publicado: Porto, Portugal : Feup, 2000.
Materias:
Etiquetas: Agregar Etiqueta
Sin Etiquetas, Sea el primero en etiquetar este registro!
LEADER 00936nam a22002415a 4500
001 EIQ.libpla000770
008 060522s2000####po#a#####b####101#0#por#d
005 20060522181022.0
245 1 0 |a Actas do XVII simpósio ibero-americano de catálise /  |c editores, J.M. Órfäo, J.L. Faria y J.L. Figueiredo. 
260 |a Porto, Portugal :  |b Feup,  |c 2000. 
300 |a 907 p. :  |b il. ;  |c 23 cm. + CD-ROM. 
500 |a Papers en portugués, español e inglés. 
504 |a Incluye referencias bibliográficas e índice. 
020 |a 9727520367 
111 2 |a Simpósio Ibero-americano de Catálise  |n (17º :  |d 2000 :  |c Porto, Portugal) 
700 1 |a Órfäo, J. M.,  |e ed.  |4 edt 
700 1 |a Faria, J. L.,  |e ed.  |4 edt 
700 1 |a Figueiredo, J. L.,  |e ed.  |4 edt 
650 4 |a Catálisis  |x Congresos. 
650 4 |a Catalysis  |x Congresses. 
040 |a AR-BbSID  |b spa  |c AR-BbSID 
041 1 |a por  |a spa  |a eng 
859 |a AR-BbSID  |b BIB. PLAPIQUI  |h 541.395  |i Si 17  |p 5690